000
00263nam a2200145Ia 4500
100
_a
ISTE Handbook 97 98
650
_a
General
942
_c
BK
654
_a
CIICP
245
_a
CIICP
260
_b
none
300
_a
2621
546
_a
ENGLISH
999
_c
30201
_d
30201